Piezas del Ajedrez - Estadísticas

Estadísticas generales
  • Esta prueba ha sido intentada 90 veces
  • La puntuación promedio es 6 de 6
Estadísticas de respuestas
Pieza % Correcto
Caballo
100%
Reina
100%
Rey
100%
Peón
99%
Torre
98%
Alfil
94%
No se encontraron pruebas coincidentes
Distribución de puntuación
Porcentaje de gente con cada puntuación
Porcentaje por número respondido
Historial de tus puntuaciones
No has intentado esta prueba.